Social Psychology: A Study Of Mind In Society (Record no. 22884)

MARC details
000 -LEADER
fixed length control field 00436nam a2200181Ia 4500
008 - FIXED-LENGTH DATA ELEMENTS--GENERAL INFORMATION
fixed length control field 220531s9999 xx 000 0 und d
041 ## - LANGUAGE CODE
Language code of text/sound track or separate title eng
082 ## - DEWEY DECIMAL CLASSIFICATION NUMBER
Item number AKO
100 ## - MAIN ENTRY--PERSONAL NAME
Personal name Akolkar, V. V.
9 (RLIN) 37673
245 ## - TITLE STATEMENT
Title Social Psychology: A Study Of Mind In Society
250 ## - EDITION STATEMENT
Edition statement 1ST
260 ## - PUBLICATION, DISTRIBUTION, ETC. (IMPRINT)
Place of publication, distribution, etc. Bombay
Name of publisher, distributor, etc. Asia
Date of publication, distribution, etc. 1962
300 ## - PHYSICAL DESCRIPTION
Extent 307
542 ## - INFORMATION RELATING TO COPYRIGHT STATUS
Copyright holder 07-11-2001
650 ## - SUBJECT ADDED ENTRY--TOPICAL TERM
Topical term or geographic name as entry element Sociology
9 (RLIN) 37674
906 ## - LOCAL DATA ELEMENT F, LDF (RLIN)
d 2001-2002
Holdings
Withdrawn status Lost status Source of classification or shelving scheme Damaged status Not for loan Collection code Home library Current library Date acquired Total Checkouts Total Holds Full call number Barcode Date last seen Bill Date Koha item type Original Barcode
    Dewey Decimal Classification       Shri Siddhivinayak Mahila Mahavidyalaya Shri Siddhivinayak Mahila Mahavidyalaya 07/11/2001   1 /AKO/B/3867 SSMM-BK-3867 06/08/2022 06/08/2022 Books 010003867